Wszystkie pociągi Intercity w Rybniku - Statystyki

Ogólne statystyki
  • Ten quiz został rozwiązany 51 razy
    20 od ostatniego zresetowania
  • Średni wynik to 5 z 10
Statystyki odpowiedzi
Hint Odpowiedź % Poprawnych
IC Silesia
75%
IC Sobieski/Adriatic Express
63%
IC Porta Moravica
50%
TLK Wydmy
50%
IC Halny
44%
IC Heweliusz
44%
IC Polonia
44%
IC Artus
38%
TLK Pirat
38%
IC Przemyślanin
25%
Nie znaleziono quizów pasujących do podanych kryteriów
Rozkład punktacji
Procent ludzi z każdym wynikiem
Percentyl według liczby udzielonych odpowiedzi
Twoja historia wyników
Nie rozwiązałeś tego quizu od ostatniego zresetowania